000
00328nam a22001337a 4500
008
170911b xxu||||| |||| 00| 0 eng d
020
_a
9781559342193
041
_a
eng
080
_2
2ND
_a
53
100
_a
43
101
_a
FIZ
245
_a
INTRODUCTION TO PHYSICAL EDUCATION, FITNESS AND SPORT
_c
SIEDENTOP,D
942
_2
udc
_c
BK
999
_c
27124
_d
27124